Classes, power, and conflict: (Record no. 1312945)

MARC details
000 -LEADER
fixed length control field 00599nam a22002057a 4500
005 - DATE AND TIME OF LATEST TRANSACTION
control field 20250507104231.0
008 - FIXED-LENGTH DATA ELEMENTS--GENERAL INFORMATION
fixed length control field 250507b |||||||| |||| 00| 0 eng d
020 ## - INTERNATIONAL STANDARD BOOK NUMBER
International Standard Book Number 0333322894
037 ## - SOURCE OF ACQUISITION
Terms of availability Textual
040 ## - CATALOGING SOURCE
Original cataloging agency RTL
Transcribing agency RTL
084 ## - COLON CLASSIFICATION NUMBER
Classification number Y5, M2/TD1
Assigning agency RTL
100 ## - MAIN ENTRY--PERSONAL NAME
Personal name Giddens, Anthony
245 ## - TITLE STATEMENT
Title Classes, power, and conflict:
Remainder of title classical and contemporary debates
260 ## - PUBLICATION, DISTRIBUTION, ETC.
Place of publication, distribution, etc. Hampshire
Name of publisher, distributor, etc. Macmillan
Date of publication, distribution, etc. 1982
300 ## - PHYSICAL DESCRIPTION
Extent ix, 646p.
Other physical details includes references
490 ## - SERIES STATEMENT
Series statement Contemporary social theory
650 ## - SUBJECT ADDED ENTRY--TOPICAL TERM
Topical term or geographic name entry element Socialism
700 ## - ADDED ENTRY--PERSONAL NAME
Personal name Held, David
942 ## - ADDED ENTRY ELEMENTS (KOHA)
Source of classification or shelving scheme Colon Classification (CC)
Koha item type Textbook
Classification part Y5, M2/TD1
Suppress in OPAC No
Holdings
Withdrawn status Lost status Source of classification or shelving scheme Damaged status Not for loan Home library Current library Shelving location Date acquired Total Checkouts Full call number Barcode Date last seen Price effective from Koha item type
    Colon Classification (CC)     Ratan Tata Library Ratan Tata Library Staff Office 2025-05-07   Y5, M2/TD1 RT0804946 2025-05-07 2025-05-07 Textbook
Copyright @ Delhi University Library System